Normal view
MARC view
Entry Personal Name
001 - CONTROL NUMBER
- control field: 60612
003 - CONTROL NUMBER IDENTIFIER
- control field: dpl
005 - DATE AND TIME OF LATEST TRANSACTION
- control field: 20240103153131.0
008 - FIXED-LENGTH DATA ELEMENTS
- fixed length control field: 240103|| aca||aabn | a|a d
040 ## - CATALOGING SOURCE
- Original cataloging agency: dpl
- Transcribing agency: dpl
100 ## - HEADING--PERSONAL NAME
- Personal name: Pal, Rahul
670 ## - SOURCE DATA FOUND
- Source citation: Work cat.: (dpl)196680: Pal, Yash 60611, Random Curiosity/, 2011
